LEADER 01103nam0 22002773i 450 001 RMG0000105 005 20231121125650.0 010 $a8834801849 100 $a20160115d1991 ||||0itac50 ba 101 | $aita 102 $ait 181 1$6z01$ai $bxxxe 182 1$6z01$an 200 1 $aSoggettivita naturale e cognitivismo etico-giuridico$eappunti per una riflessione sulla giustizia come problema della persona$fFrancesco Dal Pozzo 210 $aTorino$cGiappichelli$d\1991! 215 $a141 p.$d24 cm. 606 $aFilosofia del diritto$2FIR$3RMLC001538$9I 700 1$aDal Pozzo$b, Francesco$c $3CFIV097456$4070$0234607 801 3$aIT$bIT-01$c20160115 850 $aIT-FR0098 899 $aBiblioteca Area Giuridico Economica$bFR0098 912 $aRMG0000105 950 0$aBiblioteca Area Giuridico Economica$d 53DSG 05/0298$e 53VM 0000214815 VM barcode:GIU0003654. - Inventario:1833VM$fA $h20010423$i20121204 977 $a 53 996 $aSoggettività "naturale" e cognitivismo etico - giuridico$9814959 997 $aUNICAS